Word Ladder: Let Me Narrate Quiz Stats

Quiz Updated Nov 14, 2014

Challenge
Share
Tweet
Embed
Score 0/20 Timer 02:00
1 Play Today
Hint 4-Letter Word % Correct
Lowermost part of the faceCHIN
94.5%
Short's oppositeTALL
94.1%
Spherical toy BALL
89.5%
Something to ringBELL
89%
Rear endTAIL
87.2%
Bundle of hayBALE
86.9%
ChairSEAT
86.9%
Exchange goods for moneySELL
86.8%
It decorates a mastSAIL
86.3%
Impression of a stamp on wax or paperSEAL
84.1%
Hint 4-Letter Word % Correct
(With Rungs 12 and 20) Definition of narrate● TELL ●
83.9%
NarratedSAID
81.1%
Source of cow's milkTEAT
80.6%
LeanTHIN
79.8%
Spent moneyPAID
78.9%
HurtPAIN
78.6%
Asked 'Am I my brother's keeper?'CAIN
78.6%
(With Rungs 1 and 12) Definition of narrate● TALE ●
77.1%
Comparative conjunctionTHAN
71%
(With Rungs 1 and 20) Definition of narrate● THAT ●
64.4%

Today's Daily Dose

Missing Word
Jazz Songs 'C'

On This Day
January 18th

You're not logged in!

Compare scores with friends on all Sporcle quizzes.
Sign Up with Email
OR
Log In

You Might Also Like...

Show Comments

Extras

Top Quizzes Today


Score Distribution

Your Account Isn't Verified!

In order to create a playlist on Sporcle, you need to verify the email address you used during registration. Go to your Sporcle Settings to finish the process.